Poemas con Ortega

保存先:
書誌詳細
第一著者: Paoletti, Mario
団体著者: Fundación Ortega y Gasset
その他の著者: Aranguren, José Luis L., 1909-
フォーマット: 電子媒体 eBook
言語:スペイン語
出版事項: Madrid : Biblioteca Nueva, : Fundación Ortega y Gasset, c2005.
シリーズ:Colección Poesía clásica y moderna (Biblioteca Nueva (Firm))
Digitalia eBook Collection: Biblioteca Nueva
主題:
オンライン・アクセス:Digitalia Hispánica
タグ: タグ追加
タグなし, このレコードへの初めてのタグを付けませんか!

MARC

LEADER 00000nam a2200000Ia 4500
001 DIGBN04116
003 NyNyDIG
006 m d
007 cr |||||||||||
008 100625s2005 sp o 000 spa d
020 |z 8497424344 (pbk.) 
020 |z 9788497424349 (pbk.) 
040 |a DGITA  |b eng  |e pn  |c DGITA 
050 0 0 |a PQ7798.26.A574 ebook 
100 1 |a Paoletti, Mario. 
245 1 0 |a Poemas con Ortega   |h [electronic resource] /  |c Mario Paoletti ; prólogo de José Luis L. Aranguren. 
260 |a Madrid :  |b Biblioteca Nueva, :  |b Fundación Ortega y Gasset,   |c c2005.  |e (New York, NY. :  |f Digitalia Inc,   |g 2012). 
300 |a 1 online resource (171 p.) 
490 1 |a Colección Poesía clásica y moderna. 
500 |a  "... se publica ahora como homenaje a Ortega, en el 50 aniversario de su desaparición"--P. [4] of cover. 
500 |a "Este libro pudo ser (y también lo es) un ensayo sobre los elementos poéticos que enriquecen la obra de José Ortega y Gasset y que hasta ahora no habían despertado especial atención por parte de los investigadores. Mario Paoletti ha querido ir más allá, en vez de limitarse a teorizar sobre la cuestión, en un alarde de audacia y originalidad, se ha puesto a escribir esos poemas que Ortega prefirió confiar a la prosa. ... Y explica Paoletti: 'Ha sido un trabajo de traducción libre, en el sentido de que siguiendo siempre el espíritu del texto me he apartado del original cada vez que el resultado lo hacía necesario, pero sobre todo ha sido un trabajo de transcripción, en la acepción que ese término tiene en Música: arreglar para un instrumento la música escrita para otro'"--P. [4] of cover. 
506 |a Access restricted to subscribing institutions. 
600 1 0 |a Ortega y Gasset, José,   |d 1883-1955   |v Poetry. 
655 0 |a Electronic books. 
700 1 |a Aranguren, José Luis L.,   |d 1909- 
791 2 |a Digitalia (Firm),  |e distributor. 
710 2 |a Fundación Ortega y Gasset. 
830 0 |a Colección Poesía clásica y moderna (Biblioteca Nueva (Firm)) 
830 0 |a Digitalia eBook Collection: Biblioteca Nueva 
856 4 0 |3 Digitalia Hispánica  |u https://digitalia.unach.elogim.com/a/5229/